000 01209nam0a22002891 4500
001 rc\3478433
005 20260407132450.0
021 _aRU
_b[74-10992]
035 _a(NLR Aleph) 007676873
090 _a6495389
_c6495389
100 _a20130115d1973 |||y0rusy50 ca
101 0 _arus
102 _aRU
105 _aa z |||||
200 1 _aНейробионика
_e[Сборник статей
_fОтв. ред. д-р биол. наук К.А. Иванов-Муромский
_gАН УССР. Науч. совет по проблеме "Кибернетика". Ин-т кибернетики
210 _aКиев
_c[ИК]
_d1973
215 _a99 с.
_cчерт.
_d20
320 _aСписки лит. в конце статей
606 _aНейробионика
_jСборники
_2psbo
702 1 _4340
_7ca
_8rus
_aИванов-Муромский
_bК. А.
_gКирилл Александрович
_9216919
_3RU\NLR\AUTH\770216975
712 0 2 _aИнститут кибернетики им. В. М. Глушкова
_cКиев
_9483626
_3RU\NLR\AUTH\889993570
801 0 _aRU
_bNLR
_gpsbo
801 1 _aRU
_bELAR
_2rusmarc
852 _aNLR
_j73-4/48624
942 _cBOOK
980 _aNB